000 00426pab a2200169 454500
008 180718b2011 xxu||||| |||| 00| 0 eng d
100 _aIzurieta, Alex
245 _aInstability in the US: It is not debt but the lack of it
260 _c2011
300 _ap.34-38.
362 _a20 Aug
650 _aDebts - United States
650 _aDebts
773 _aEconomic and Political Weekly
908 _aN
909 _a93008
999 _c93008
_d93008